Copenhagen Airport Destinations (Copenhagen, Denmark) - Statistics

General Stats
  • This quiz has been taken 285 times
    68 since last reset
  • The average score is 140 of 201
Answer Stats
Airline Destination % Correct
easyJet/Norwegian Air Shuttle London (Gatwick)
94%
British Airways/Scandinavian Airlines London (Heathrow)
94%
Ryanair London (Stansted)
94%
Delta Air Lines/Scandinavian Airlines New York (JFK)
94%
easyJet/KLM/Norwegian Air Shuttle/Scandinavian Airlines Amsterdam
92%
easyJet/Eurowings/Norwegian Air Shuttle/Scandinavian Airlines Berlin
92%
Finnair/Norwegian Air Shuttle/Scandinavian Airlines Helsinki
92%
Norwegian Air Shuttle/Scandinavian Airlines Stockholm (Arlanda)
92%
Air China/Scandinavian Airlines Beijing (Capital)
90%
Egyptair Cairo
90%
Norwegian Air Shuttle Dubai (Al Maktoum)
90%
Emirates Dubai (International)
90%
Norwegian Air Shuttle/Ryanair/Scandinavian Airlines Dublin
90%
Scandinavian Airlines/Turkish Airlines Istanbul
90%
AJet/Pegasus Airlines Istanbul (Sabiha Gökçen)
90%
easyJet/Scandinavian Airlines Milan (Linate)
90%
Scandinavian Airlines Milan (Malpensa)
90%
Norwegian Air Shuttle/Ryanair/Scandinavian Airlines Rome (Fiumicino)
90%
Air Canada/Scandinavian Airlines Toronto (Pearson)
90%
Austrian Airlines/Ethiopian Airlines/Ryanair Vienna
90%
Etihad Airways Abu Dhabi
88%
Norwegian Air Shuttle/Ryanair/Scandinavian Airlines/Vueling Barcelona
88%
Air India Delhi
88%
Qatar Airlines Doha
88%
Lufthansa/Scandinavian Airlines Frankfurt
88%
easyJet/Norwegian Air Shuttle/Scandinavian Airlines/Swiss International Air Lines Geneva
88%
easyJet/Norwegian Air Shuttle/Ryanair/Scandinavian Airlines Manchester
88%
Norwegian Air Shuttle/Scandinavian Airlines Nice
88%
Norwegian Air Shuttle/Scandinavian Airlines Oslo
88%
Air France/Norwegian Air Shuttle/Scandinavian Airlines Paris (Charles de Gaulle)
88%
Transavia Paris (Orly)
88%
Icelandair/Scandinavian Airlines Reykjavík
88%
airBaltic/Norwegian Air Shuttle/Scandinavian Airlines Riga
88%
China Eastern Airlines Shanghai (Pudong)
88%
Scandinavian Airlines/Swiss International Air Lines Zürich
88%
Aegean Airlines/Norwegian Air Shuttle/Scandinavian Airlines Athens
87%
Norwegian Air Shuttle/Scandinavian Airlines Bergen
87%
Scandinavian Airlines Boston
87%
Brussels Airlines/Scandinavian Airlines Brussels
87%
Scandinavian Airlines Chicago (O'Hare)
87%
easyJet/Norwegian Air Shuttle/Ryanair/Scandinavian Airlines Edinburgh
87%
Scandinavian Airlines Gothenburg
87%
Scandinavian Airlines Hamburg
87%
Scandinavian Airlines Los Angeles
87%
Iberia Express/Norwegian Air Shuttle/Ryanair/Scandinavian Airlines Madrid
87%
IndiGo/Scandinavian Airlines Mumbai (Shivaji)
87%
Lufthansa/Norwegian Air Shuttle/Scandinavian Airlines Munich
87%
Air Greenland/Scandinavian Airlines Nuuk
87%
Singapore Airlines Singapore
87%
airBaltic/Scandinavian Airlines Tallinn
87%
Norwegian Air Shuttle/Scandinavian Airlines Venice
87%
LOT Polish Airlines/Scandinavian Airlines/Wizz Air Warsaw (Chopin)
87%
Ryanair Warsaw (Modlin)
87%
Scandinavian Airlines Aarhus
85%
Pegasus Airlines/SunExpress/Turkish Airlines Ankara
85%
Scandinavian Airlines/Thai Airways International Bangkok (Suvarnabhumi)
85%
Scandinavian Airlines/Wizz Air Bucharest (Otopeni)
85%
Norwegian Air Shuttle/Scandinavian Airlines/TAP Air Portugal Lisbon
85%
Air Canada Montréal (Trudeau)
85%
Norwegian Air Shuttle/Ryanair/Scandinavian Airlines Naples
85%
Scandinavian Airlines Tokyo (Haneda)
85%
Scandinavian Airlines Vilnius
85%
Croatia Airlines/Norwegian Air Shuttle Zagreb
85%
Air Serbia Belgrade
83%
Norwegian Air Shuttle/Ryanair/Scandinavian Airlines/Wizz Air Budapest
83%
Scandinavian Airlines Lyon
83%
Norwegian Air Shuttle/Ryanair/Scandinavian Airlines Málaga
83%
Eurowings/Norwegian Air Shuttle/Ryanair/Scandinavian Airlines Prague
83%
Norwegian Air Shuttle/Scandinavian Airlines Trondheim
83%
Ryanair Turin
83%
Scandinavian Airlines Washington (Dulles)
83%
Norwegian Air Shuttle/Scandinavian Airlines Aalborg
81%
Norwegian Air Shuttle/Scandinavian Airlines Bilbao
81%
Norwegian Air Shuttle/Scandinavian Airlines Bordeaux
81%
Norwegian Air Shuttle/Ryanair/Scandinavian Airlines Faro
81%
Ryanair/Scandinavian Airlines/Wizz Air Gdańsk
81%
Norwegian Air Shuttle/Ryanair/Scandinavian Airlines Kraków
81%
Luxair/Scandinavian Airlines Luxembourg
81%
Norwegian Air Shuttle/Ryanair/Scandinavian Airlines Porto
81%
TUI fly Nordic Sal
81%
Ryanair Sofia
81%
Norwegian Air Shuttle/Scandinavian Airlines Tel Aviv
81%
Ethiopian Airlines Addis Ababa
79%
Scandinavian Airlines Birmingham
79%
Eurowings/Scandinavian Airlines Düsseldorf
79%
Scandinavian Airlines/Volotea Marseille
79%
Scandinavian Airlines Miami
79%
Norwegian Air Shuttle/Scandinavian Airlines Palermo
79%
Scandinavian Airlines Stuttgart
79%
Pegasus Airlines/Scandinavian Airlines/SunExpress Antalya
77%
Scandinavian Airlines Atlanta
77%
easyJet/Norwegian Air Shuttle Basel/Mulhouse
77%
Scandinavian Airlines Florence
77%
Scandinavian Airlines Seoul (Incheon)
77%
Norwegian Air Shuttle Toulouse
77%
Norwegian Air Shuttle/Ryanair/Scandinavian Airlines Alicante
75%
Norwegian Air Shuttle/Ryanair/Scandinavian Airlines Bologna
75%
Austrian Airlines/Eurowings/Scandinavian Airlines Innsbruck
75%
Pegasus Airlines/SunExpress İzmir
75%
Scandinavian Airlines Newark
75%
easyJet/Norwegian Air Shuttle/Ryanair/Scandinavian Airlines Palma de Mallorca
75%
American Airlines Philadelphia
75%
Norwegian Air Shuttle/Scandinavian Airlines Salzburg
75%
Scandinavian Airlines San Francisco
75%
Norwegian Air Shuttle/Scandinavian Airlines Tromsø
75%
Scandinavian Airlines Wrocław
75%
Norwegian Air Shuttle/Scandinavian Airlines Bari
73%
Scandinavian Airlines Genoa
73%
Scandinavian Airlines Ibiza
73%
Norwegian Air Shuttle/Ryanair/Scandinavian Airlines Pisa
73%
Ryanair/Scandinavian Airlines Poznań
73%
Scandinavian Airlines Seville
73%
Scandinavian Airlines Billund
71%
Scandinavian Airlines Santorini
71%
Norwegian Air Shuttle/Scandinavian Airlines Stavanger
71%
Norwegian Air Shuttle/Scandinavian Airlines Tirana
71%
Middle East Airlines/Scandinavian Airlines Beirut
69%
airBaltic/Norwegian Air Shuttle/Scandinavian Airlines/Sunclass Airlines Gran Canaria
69%
Jet2.com/Norwegian Air Shuttle Newcastle upon Tyne
69%
Croatia Airlines/Norwegian Air Shuttle/Scandinavian Airlines Split
69%
Norwegian Air Shuttle/Scandinavian Airlines Catania
67%
FlyOne/Wizz Air Chișinău
67%
Norwegian Air Shuttle/Scandinavian Airlines Dubrovnik
67%
Scandinavian Airlines Funchal
67%
Norwegian Air Shuttle/Scandinavian Airlines Heraklion
67%
Norwegian Air Shuttle/Scandinavian Airlines Marrakesh
67%
Norwegian Air Shuttle/Scandinavian Airlines/Sunclass Airlines Tenerife (South)
67%
Norwegian Air Shuttle/Scandinavian Airlines Valencia
67%
Eurowings Verona
67%
easyJet/Ryanair Bristol
65%
Jet2.com Leeds/Bradford
65%
Norwegian Air Shuttle Ljubljana
65%
Norwegian Air Shuttle/Scandinavian Airlines Malta
65%
Volotea Nantes
65%
Norwegian Air Shuttle/Scandinavian Airlines Rhodes
65%
Norwegian Air Shuttle/Scandinavian Airlines Sarajevo
65%
Norwegian Air Shuttle/Scandinavian Airlines Corfu
63%
Vietnam Airlines Ho Chi Minh City
63%
Norwegian Air Shuttle/Scandinavian Airlines Pristina
63%
Scandinavian Airlines Seattle/Tacoma
63%
Wizz Air Skopje
63%
Scandinavian Airlines Turku
63%
Scandinavian Airlines Varna
63%
Norwegian Air Shuttle/Ryanair/Scandinavian Airlines Zadar
63%
Norwegian Air Shuttle/Ryanair Bergamo
62%
Norwegian Air Shuttle Cluj-Napoca
62%
FlyErbil Erbil
62%
Delta Air Lines Minneapolis/St. Paul
62%
Norwegian Air Shuttle/Scandinavian Airlines Larnaca
60%
Norwegian Air Shuttle Burgas
58%
Norwegian Air Shuttle/Scandinavian Airlines Chania
58%
Scandinavian Airlines Fuerteventura
58%
Scandinavian Airlines Rovaniemi
58%
Scandinavian Airlines Thessaloniki
58%
Scandinavian Airlines Cagliari
56%
Transavia Eindhoven
56%
Scandinavian Airlines Hanover
56%
Air Cairo/Norwegian Air Shuttle Hurghada
56%
Ryanair Kaunas
56%
Norwegian Air Shuttle/Scandinavian Airlines Montpellier
56%
Air Cairo/Atlantic Airways Sharm El Sheikh
56%
Norwegian Air Shuttle/Scandinavian Airlines Agadir
54%
Pegasus Airlines/SunExpress/Turkish Airlines Konya
54%
Scandinavian Airlines Zakynthos
54%
Scandinavian Airlines Aberdeen
52%
WestJet Halifax
52%
Norwegian Air Shuttle/Ryanair/Scandinavian Airlines Olbia
52%
AJet Bodrum
50%
Norwegian Air Shuttle Tangier
50%
Norwegian Air Shuttle Tbilisi
50%
Scandinavian Airlines Ålesund
46%
Scandinavian Airlines Bodø
46%
Norwegian Air Shuttle/Scandinavian Airlines Pula
46%
Norwegian Air Shuttle/Scandinavian Airlines Tivat
46%
Scandinavian Airlines/SunExpress Dalaman
44%
Wizz Air Iași
44%
SkyAlps Bolzano
42%
DAT Bornholm
42%
Atlantic Airways/Scandinavian Airlines Vágar
42%
Norwegian Air Shuttle Bastia
38%
Norwegian Air Shuttle Preveza/Lefkada
38%
Scandinavian Airlines Biarritz
37%
TUI fly Nordic Boa Vista
37%
Scandinavian Airlines Kristiansand
37%
Scandinavian Airlines Palanga
37%
Scandinavian Airlines Kittilä
35%
Ryanair Beauvais
33%
Scandinavian Airlines Kiruna
33%
Centrum Air Tashkent
33%
Scandinavian Airlines Harstad/Narvik
31%
Air Greenland Kangerlussuaq
29%
Alsie Express Sønderborg
29%
Scandinavian Airlines/Widerøe Sandefjord
27%
Scandinavian Airlines Visby
27%
Scandinavian Airlines Gazipaşa
25%
Sunclass Airlines Banjul
23%
Ryanair Treviso
23%
Scandinavian Airlines Östersund
21%
Scandinavian Airlines Sälen-Trysil
15%
Sola Air Karlstad
13%
Air Greenland Narsarsuaq
8%
No matching quizzes found
Score Distribution
Percent of People with Each Score
Percentile by Number Answered
Your Score History
You have not taken this quiz since the last reset